| 000 | 00424 a2200145 4500 | ||
|---|---|---|---|
| 001 | 170432 | ||
| 020 | _a | ||
| 040 | _cMagnum | ||
| 100 | _aInstituto Nacional de Estudos e Pesquisas Educa... | ||
| 240 | 1 | 0 |
_aAvaliacao de concluintes do ens.medio em nove estado/97 - relat.final _lpor |
| 245 | 1 | 0 | _aAvaliacao de concluintes do ens.medio em nove estado/97 - relat.final |
| 362 | 0 | _a1899 | |
| 697 | _aENSINO | ||
| 942 | _cBK | ||
| 999 |
_c170432 _d170432 |
||